<?xml version="1.0" encoding="UTF-8"?>
<marc:record xmlns:marc="http://www.loc.gov/MARC21/slim">
   <marc:leader>00000nam a2200000 a 4500</marc:leader>
   <marc:datafield ind1="1" ind2=" " tag="100">
      <marc:subfield code="a">Preston, Douglas J.</marc:subfield>
      <marc:subfield code="4">aut</marc:subfield>
      <marc:subfield code="e">Verfasser/-in</marc:subfield>
   </marc:datafield>
   <marc:datafield ind1="0" ind2="0" tag="245">
      <marc:subfield code="a">Extinction</marc:subfield>
   </marc:datafield>
   <marc:datafield ind1="0" ind2="0" tag="245">
      <marc:subfield code="b">Thriller</marc:subfield>
   </marc:datafield>
   <marc:datafield ind1="0" ind2="0" tag="245">
      <marc:subfield code="c">Preston, Douglas J.</marc:subfield>
   </marc:datafield>
   <marc:datafield ind1=" " ind2="1" tag="264">
      <marc:subfield code="a">München</marc:subfield>
      <marc:subfield code="b">Knaur</marc:subfield>
      <marc:subfield code="c">2024</marc:subfield>
   </marc:datafield>
   <marc:datafield ind1=" " ind2=" " tag="250">
      <marc:subfield code="a">Deutsche Erstausgabe</marc:subfield>
   </marc:datafield>
   <marc:datafield ind1="1" ind2=" " tag="520">
      <marc:subfield code="a">In den Rocky Mountains befindet sich ein gigantischer Ferienort: Erebus. Dank Genmanipulation können die Gäste wie vor Jahrtausenden wollige Mammuts, gewaltige Riesenhirsche und meterhohe Riesenfaultiere in ihrem natürlichen Habitat erleben. Als ein Millionärssohn und seine Frau entführt und im Hinterland tot aufgefunden werden, gerät eine Bande von gefährlichen Ökoterroristen in Verdacht. FBI-Agentin Frances Cash und Sheriff James Colcord werden damit beauftragt, Jagd auf die Schuldigen zu machen. Doch als die Morde sich häufen und der quadratkilometerweite weite Ferienort geräumt wird, werden Cash und Colcord mit etwas Bösem konfrontiert, dem es nicht ums Neubeleben, sondern ums Auslöschen geht.</marc:subfield>
   </marc:datafield>
   <marc:datafield ind1=" " ind2=" " tag="020">
      <marc:subfield code="a">9783426449004</marc:subfield>
      <marc:subfield code="9">9783426449004</marc:subfield>
   </marc:datafield>
   <marc:datafield ind1=" " ind2=" " tag="020">
      <marc:subfield code="a">3426449005</marc:subfield>
      <marc:subfield code="9">3426449005</marc:subfield>
   </marc:datafield>
   <marc:datafield ind1=" " ind2=" " tag="041">
      <marc:subfield code="a">ger</marc:subfield>
   </marc:datafield>
   <marc:datafield ind1=" " ind2=" " tag="300">
      <marc:subfield code="a">472 Seiten</marc:subfield>
   </marc:datafield>
</marc:record>
